000 00611nam a2200241Ia 4500
003 OSt
005 20221007072522.0
006 a|||||r|||| 00| 0
007 ta
008 221006b |||||||| |||| 00| 0 eng d
024 _a23,914
037 _cTextual
040 _aFLL
_cFLL
_beng
041 _2eng
_aeng
082 _aZ3:5, H3
100 _aHarris Seymour F.
_9690848
245 0 _aCriminal law
250 _a17th
260 _aLondon
_bSweet & Maxwell Limited UK
_c1943
300 _axlvi,700p
_ccm.
942 _hZ3:5, H3
_cTEXL
_2CC
999 _c1146304
_d1146304